| 000 | 00771nas a2200253 4500 | ||
|---|---|---|---|
| 001 | BR0805421 | ||
| 003 | BR-BrBNA | ||
| 005 | 20231205112426.0 | ||
| 007 | ta | ||
| 008 | 230509b bl.|||p| |||| 00| 00por d | ||
| 040 |
_aBR-BrBNA _bpor _cBiblioteca Nacional de Agricultura |
||
| 041 | _a(En) | ||
| 072 | _aK50 | ||
| 100 | 1 | _aZheng-Quan, G. | |
| 100 | 1 | _aChun-Xiao, M. | |
| 100 | 1 | _aNai-Hao, Y. | |
| 245 | 1 | _aLatex production with depolymerizing compounds of actin cytoskeleton in rubber trees | |
| 650 | _aLATEX | ||
| 650 | _aSERINGUEIRA | ||
| 650 | _aINDUSTRIA FLORESTAL | ||
| 773 | 0 |
_tPesquisa Agropecuaria Brasileira (Brazil) _xISSN 0100-204X _g(Feb 2008), v. 43(2) p. 275-279 _wBR0805421 |
|
| 909 |
_a202311 _bLúcia _c55 _dLúcia Elande |
||
| 942 |
_2AGRIS _n0 _cANA |
||
| 999 |
_c198007 _d198007 |
||